On This Day (May 17th) Multiple Choice - Statistics

General Stats
  • This quiz has been taken 16 times
  • The average score is 3 of 15
Answer Stats
Question Answer % Correct
1673 – Louis Jolliet and Jacques Marquette begin exploring which river ? Mississippi
100%
1931 – Marshall Applewhite, American cult leader, is born. He founded which religious organisation ? Heaven's Gate
67%
1994 – Which African country holds its first multi-party elections ? Malawi
67%
2007 – Trains from North and South Korea cross the 38th Parallel in a test-run agreed by both governments. This is the first time that trains have crossed the Demilitarized Zone since what year ? 1953
33%
1990 – The General Assembly of the World Health Organization (WHO) eliminates what from the list of psychiatric diseases ? Homosexuality
33%
1875 – Which horse wins the first Kentucky Derby ? Aristides
0%
1814 – Occupation of Monaco changes from French to what nationality ? Austrian
0%
1939 – The Columbia Lions and the Princeton Tigers play in the United States' first televised sporting event. What sport was involved ? Baseball
0%
1977 – Nolan Bushnell opened the first of which restaurant chain in San Jose, California ? Chuck E. Cheese's
0%
1943 – World War II: Raids commence by 617 Squadron Royal Air Force targeting what types of structure ? Dams
0%
2006 – The aircraft carrier USS Oriskany is sunk as an artificial reef in which body of water ? Gulf of Mexico
0%
1983 – The U.S. Department of Energy declassifies documents showing world's largest pollution event of which material in Oak Ridge, Tennessee ? Mercury
0%
1984 – What does Prince Charles call a proposed addition to the National Gallery, London ? "Monstrous Carbuncle"
0%
1590 – Anne of Denmark is crowned Queen of where ? Scotland
0%
1995 – Shawn Nelson steals what from the California Army National Guard Armory in San Diego and proceeds to go on a rampage ? Tank
0%
No matching quizzes found
Score Distribution
Percent of People with Each Score
Percentile by Number Answered
Your Score History
You have not taken this quiz